| 000 | 01456nam a22003977a 4500 | ||
|---|---|---|---|
| 003 | EG-ScBUE | ||
| 005 | 20220214092150.0 | ||
| 008 | 200219t2014 enka f 001 0 eng d | ||
| 020 | _a9781292021829 | ||
| 020 | _a1292021829 | ||
| 040 |
_aEG-ScBUE _beng _erda _cEG-ScBUE _dEG-ScBUE |
||
| 082 | 0 | 4 |
_a510 _222 _bBAR |
| 100 | 1 |
_aBarnett, Raymond A., _eauthor. |
|
| 245 | 1 | 0 |
_aCollege mathematics for business, economics, life science & social science / _cR. Barnett, M. Ziegler, K. Byleen. |
| 246 | 3 | _aCollege mathematics for business, economics, life science and social science | |
| 250 | _aTwelfth edition. | ||
| 250 | _aPearson new international edition. | ||
| 264 | 1 |
_aHarlow, Essex : _bPearson, _c[2014] |
|
| 264 | 4 | _c©2014 | |
| 300 |
_aii, 942 pages : _billustrations (black and white, and colour) ; _c28 cm. |
||
| 336 |
_atext _2rdacontent _btxt |
||
| 336 |
_astill image _2rdacontent _btxt |
||
| 337 |
_aunmediated _2rdamedia _bn |
||
| 338 |
_avolume _2rdacarrier _bnc |
||
| 490 | 0 | _aPearson custom library | |
| 500 | _aIncludes index. | ||
| 650 | 7 |
_aMathematics _vTextbooks. _2BUEsh |
|
| 650 | 7 |
_aSocial sciences _xMathematics _vTextbooks. _2BUEsh |
|
| 650 | 7 |
_aBiomathematics _vTextbooks. _2BUEsh _936749 |
|
| 653 |
_bGGEN _cFebruary2022 |
||
| 655 |
_vReading book _934232 |
||
| 700 | 1 |
_aZiegler, Michael R., _eauthor. _936750 |
|
| 700 | 1 |
_aByleen, Karl E., _eauthor. _936751 |
|
| 942 |
_2ddc _cTXT |
||
| 999 |
_c29772 _d29743 |
||